书目信息 |
| 题名: |
中国当代名家画集
|
|
| 作者: | 胡时林林 绘 | |
| 分册: | 胡时 林林 | |
| 出版信息: | 天津 天津人民美术出版社 2019.6 |
|
| 页数: | 156页 | |
| 开本: | 37cm | |
| 丛书名: | ||
| 单 册: | ||
| 中图分类: | J221 , J223.8 | |
| 科图分类: | ||
| 主题词: | 绘画--作品集--中国--当代 , 油画--作品集--中国--当代 | |
| 电子资源: | ||
| ISBN: | 978-7-5305-9176-5 | |
| 000 | 00704nam0 2200241 45 | |
| 001 | 012001001160 | |
| 005 | 20130910161119.0 | |
| 010 | @a978-7-5305-9176-5@b精装@dCNY288.00 | |
| 100 | @a20200428d2019 em y0chiy0110 ea | |
| 101 | 0 | @achi |
| 102 | @aCN@b120000 | |
| 105 | @aa z 000yy | |
| 106 | @ad | |
| 200 | 1 | @a中国当代名家画集@i胡时 林林@f胡时林林绘@Azhong guo dang dai ming jia hua ji |
| 210 | @a天津@c天津人民美术出版社@d2019.6 | |
| 215 | @a156页@d37cm | |
| 606 | 0 | @a绘画@x作品集@y中国@z当代 |
| 606 | 0 | @a油画@x作品集@y中国@z当代 |
| 690 | @aJ221@v5 | |
| 690 | @aJ223.8@v5 | |
| 701 | 0 | @a胡时林林@Ahu shi lin lin@4绘 |
| 801 | @aCN@b江苏凤凰@c20211018 | |
| 905 | @b1342421-3@dJ221@e171@f3 | |
| 中国当代名家画集.胡时 林林/胡时林林绘.-天津:天津人民美术出版社,2019.6 |
| 156页;37cm |
| ISBN 978-7-5305-9176-5(精装):CNY288.00 |
| ● |
| 相关链接 |
|
|
|
|
正题名:中国当代名家画集
索取号:J221/171
 
预约/预借
| 序号 | 登录号 | 条形码 | 馆藏地/架位号 | 状态 | 备注 |
| 1 | 1342421 | 213424212 | 第一样本阅览室/ [索取号:J221/171] | 在馆 | |
| 2 | 1342422 | 213424221 | 第一借阅区/ [索取号:J221/171] | 在馆 | |
| 3 | 1342423 | 213424230 | 第一借阅区/ [索取号:J221/171] | 在馆 |